00613nam a22001697a 450000500170000001000150001702000260003203500140005803700090007208200140008110000250009524501240012026000340024427000640027830000210034250000800036320241118121725.0 aENG-142583 c960.00a9789390746354 aEN-126115 bDBAD a966.2621 aIsaac, Nwobi Obiora  aThe Nigeria-Biafra War, OAU and the Politics of Diplomatic Recognition of Biafra, 1967 – 1970/cby Nwobi Obiora Isaac aKolkatabExceller Booksc2021 aG1 Dream Apartment, Degree College Roadb Belgharia,Kolkata a246p. c22cm(pb) aThe Politics of Biafra Diplomatic Recognition During The Nigeria Civil War